000 00506nam a2200181Ia 4500
001 16720
005 20260306170331.0
008 260306t2012||||xx |||||||||||||| ||und||
041 _aESP
082 _a349.7
_bP42
100 _aPeña Garcia, Carmen (ed.)
_eAUT
245 0 _aRetos del derecho canónico en la sociedad actual:
_bactas de las XXXI jornadas de actualidad canónica
260 _c2012
300 _a359 páginas :
_c23 cm.
650 _aGEN
654 _aCDE
942 _cLIB
_dJUS
_fJUS
_2ddc
_n
999 _c16720
_d16720